| 000 | 00000nam##2200000za#4500 |
| 001 | 9.574930 |
| 003 | CaOODSP |
| 005 | 20210624184424 |
| 007 | cr ||||||||||| |
| 008 | 150406|2002||||xxc|||||o f|0| 0 eng|d |
| 022 | |a1488-5379 |
| 040 | |aCaOODSP|beng |
| 043 | |an-cn--- |
| 086 | 1 |aFs97-6/2413E-PDF |
| 110 | 1 |aCanada. |bDepartment of Fisheries and Oceans. |
| 245 | 10|aAge, size structure and growth parameters of geoducks (Panopea abrupta, Conrad 1849) from 34 locations in British Columbia sampled between 1993 and 2000 / |h[electronic resource]|cD. Bureau ... [et al.] |
| 260 | |aNanaimo - British Columbia : |bFisheries and Oceans Canada |cc2002. |
| 300 | |a94p.|breferences, tables |
| 490 | 1 |aCanadian technical report of fisheries and aquatic sciences|x1488-5379|vNo. 2413 |
| 500 | |aThe catalogue number and ISSN for the print edition appear in this electronic version. |
| 546 | |a(Textes préliminaires en français.) |
| 590 | |a12-37-Supp|b2012-09-24 |
| 720 | 1 |aBureau, D. |
| 830 | #0|aCanadian technical report of fisheries and aquatic sciences,|x1488-5379|vNo. 2413|w(CaOODSP)9.504449 |
| 856 | 40|ahttp://publications.gc.ca|qPDF|s7990 KB|uhttps://publications.gc.ca/collections/collection_2012/mpo-dfo/Fs97-6-2413-eng.pdf|yNo. 2413 |